00269pab a2200097 454500008003600000100002400036245004700060650002500107700002000132773001900152180718b xxu||||| |||| 00| 0 eng d aChhokar, Jagdeep S. aEmerging business environment in India - I aEconomic Development aDixit, Mukund R aEconomic Times